000 00922nam a2200289 i 4500
003 EG-GICUC
005 20260218205848.0
008 260218s1962 it ||||fr|||| 00| 0 ita d
040 _aEG-GiCUC
_bita
_cEG-GiCUC
_dEG-GiCUC
_eRda
082 0 4 _221
_a341.511
_bIA . D
092 0 4 _221
099 _aLaw1 11 341.511 IA . D 1962
100 1 _aIaccarino, Ugo
_eAuthor.
245 1 0 _aDella C. D. Competenza Sulla Competenza Dei Tribunali Internazionali /
_b
_cUgo Iaccarino.
_n
264 1 _aMorano :
_bNapoli,
_c1962.
300 _a136page :
_billustration ;
_c 24 cm.
336 _2rda contenu
_a texte
337 _2rda medias
_aOrdinateur
338 _2 transporteur rda
_a Ressource en ligne
504 _a
546 _a Text in Italian
650 1 4 _aPublic international law
_2
651 1 _2
856 4 0 _uhttps://fll.law.cu.edu.eg/fulltext/bks/B11-07893.pdf
905 _a50
942 _2ddc
_cBK
_e21
_n0
999 _c63708
_d63708